Central Library OPAC University of Rajshahi

اردو کی نثری داستانیں = Urdu Ki Nasri Daastanein / (Record no. 80452)

MARC details
000 -LEADER
fixed length control field 00706naa a2200205 a 4500
001 - CONTROL NUMBER
control field 80452
003 - CONTROL NUMBER IDENTIFIER
rucl marc code BD-RjUL
005 - DATE AND TIME OF LATEST TRANSACTION
control field 20221010113805.0
008 - FIXED-LENGTH DATA ELEMENTS--GENERAL INFORMATION
fixed length control field 220928s1987 ii ||||| |||| 00| 0 urd d
035 ## - SYSTEM CONTROL NUMBER
System control number (BD-RjUL)80452
040 ## - CATALOGING SOURCE
Original cataloging agency BD-RjUL
Language of cataloging eng
Transcribing agency BD-RjUL
041 ## - LANGUAGE CODE
Language code of text/sound track or separate title urd
082 ## - DEWEY DECIMAL CLASSIFICATION NUMBER
Edition number 23
Classification number 891.43909
Author mark and year GIU 1987
100 ## - MAIN ENTRY--PERSONAL NAME
Personal name گیان چند = Gian Chand
9 (RLIN) 5047
245 10 - TITLE STATEMENT
Title اردو کی نثری داستانیں = Urdu Ki Nasri Daastanein /
Remainder of title گیان چند = Gian Chand
260 ## - PUBLICATION, DISTRIBUTION, ETC. (IMPRINT)
Place of publication, distribution, etc. لکہنو : Lakhnui :
Name of publisher, distributor, etc. اتر پردیش اردو اکادمی , Uttar Pradesh Urdu Academy
Date of publication, distribution, etc. 1987
300 ## - PHYSICAL DESCRIPTION
Pagination 920 p. ;
Size 21 cm
650 ## - SUBJECT ADDED ENTRY--TOPICAL TERM
Topical term or geographic name as entry element Urdu Literature
Form subdivision history & Criticism
9 (RLIN) 219
942 ## - ADDED ENTRY ELEMENTS (KOHA)
Source of classification or shelving scheme Dewey Decimal Classification
Koha item type Books
Holdings
Lost status Source of classification or shelving scheme Damaged status Not for loan Collection code Permanent Location Current Location Shelving location Date acquired Source of acquisition Cost, normal purchase price Full call number Date last seen Copy number Koha item type
  Dewey Decimal Classification   Not For Loan Non-fiction Central Library, University of Rajshahi Central Library, University of Rajshahi Reading Room 08/08/1989 Karim International 46.00 U 891.43909 GIU 1987 28/09/2022 C-1 Books